Global recovery, new risks and sustainable growth : (Record no. 58565)
[ view plain ]
| 000 -LEADER | |
|---|---|
| fixed length control field | 01249cam a2200313 i 4500 |
| 001 - CONTROL NUMBER | |
| control field | 58565 |
| 003 - CONTROL NUMBER IDENTIFIER | |
| rucl marc code | BD-RjUL |
| 005 - DATE AND TIME OF LATEST TRANSACTION | |
| control field | 20211209080633.0 |
| 008 - FIXED-LENGTH DATA ELEMENTS--GENERAL INFORMATION | |
| fixed length control field | 161219s2012 bg ab bs 100 0 eng |
| 020 ## - INTERNATIONAL STANDARD BOOK NUMBER | |
| International Standard Book Number | 9789848946121 |
| 035 ## - SYSTEM CONTROL NUMBER | |
| System control number | (BD-RjUL)58689 |
| 040 ## - CATALOGING SOURCE | |
| Original cataloging agency | DLC |
| Language of cataloging | eng |
| Description conventions | rda |
| Transcribing agency | DLC |
| Modifying agency | BD-RjUL |
| 041 ## - LANGUAGE CODE | |
| Language code of text/sound track or separate title | eng |
| 082 ## - DEWEY DECIMAL CLASSIFICATION NUMBER | |
| Edition number | 23 |
| Classification number | 337.154 |
| Author mark and year | GLO 2012 |
| 111 2# - MAIN ENTRY--MEETING NAME | |
| Meeting name or jurisdiction name as entry element | South Asia Economic Summit |
| Number of part/section/meeting | (4th : |
| Date of meeting | 2011 : |
| Location of meeting | Dhaka, Bangladesh) |
| 9 (RLIN) | 174017 |
| 245 10 - TITLE STATEMENT | |
| Title | Global recovery, new risks and sustainable growth : |
| Remainder of title | repositioning South Asia / |
| Statement of responsibility, etc. | edited by Debapriya Bhattacharya, Mustafizur Rahman. |
| 260 ## - PUBLICATION, DISTRIBUTION, ETC. (IMPRINT) | |
| Place of publication, distribution, etc. | Dhaka : |
| Name of publisher, distributor, etc. | Centre for Policy Dialogue, |
| Date of publication, distribution, etc. | 2012 |
| 300 ## - PHYSICAL DESCRIPTION | |
| Pagination | xxiii, 399 pages : |
| Illustrations | illustrations, maps ; |
| Size | 24 cm |
| 500 ## - GENERAL NOTE | |
| General note | Includes statistical tables. |
| 504 ## - BIBLIOGRAPHY, ETC. NOTE | |
| Bibliography, etc | Includes bibliographical references. |
| 650 #0 - SUBJECT ADDED ENTRY--TOPICAL TERM | |
| Topical term or geographic name as entry element | South Asian cooperation |
| Form subdivision | Congresses. |
| 9 (RLIN) | 174018 |
| 651 #0 - SUBJECT ADDED ENTRY--GEOGRAPHIC NAME | |
| Geographic name | South Asia |
| General subdivision | Economic integration |
| Form subdivision | Congresses. |
| 9 (RLIN) | 174019 |
| Geographic name | South Asia |
| General subdivision | Relations |
| Form subdivision | Congresses. |
| 9 (RLIN) | 174020 |
| 700 1# - ADDED ENTRY--PERSONAL NAME | |
| Personal name | Bhattacharya, Debapriya |
| Relator term | editor. |
| Personal name | Mustafizur Rahman, |
| Dates associated with a name | 1955- |
| Relator term | editor. |
| 710 2# - ADDED ENTRY--CORPORATE NAME | |
| Corporate name or jurisdiction name as entry element | Centre for Policy Dialogue (Bangladesh) |
| Relator term | host institution. |
| 9 (RLIN) | 171215 |
| 942 ## - ADDED ENTRY ELEMENTS (KOHA) | |
| Source of classification or shelving scheme | Dewey Decimal Classification |
| Koha item type | Books |
| Lost status | Source of classification or shelving scheme | Damaged status | Not for loan | Collection code | Permanent Location | Current Location | Shelving location | Date acquired | Cost, normal purchase price | Total Checkouts | Full call number | Date last seen | Copy number | Koha item type |
|---|---|---|---|---|---|---|---|---|---|---|---|---|---|---|
| Dewey Decimal Classification | Not For Loan | Non-fiction | Central Library, University of Rajshahi | Central Library, University of Rajshahi | Reading Room | 24/12/2012 | 860.00 | 337.154 GLO 2012 | 19/12/2016 | C-1 | Books |